[Event "Kieler Open 2016-B"]
[Site "Kiel"]
[Date "2016.08.04"]
[Round "1.1"]
[White "Neumann, Oskar"]
[Black "Weck, Uwe"]
[Result "1-0"]
[WhiteElo "1730"]
[BlackElo "1476"]
[Annotator "Behrendt"]
[PlyCount "49"]

1. e4 c5 2. Nf3 d6 3. d4 cxd4 4. Nxd4 Nf6 5. Nc3 a6 6. Be2 g6 7. Bg5 Bg7 8. Qd2
Qc7 9. Bh6 O-O 10. f3 Bd7 11. O-O-O b5 12. Bxg7 Kxg7 13. g4 b4 14. Nd5 Nxd5 15.
exd5 Qb6 16. h4 f6 (16... g5) 17. g5 f5 18. h5 e5 19. dxe6 Bc8 20. hxg6 hxg6
21. Rh6 Rh8 22. Rdh1 Rxh6 23. Rxh6 Nc6 24. Nxc6 Qxc6 25. Qd4+ 1-0

[Event "Kieler Open 2016-B"]
[Site "Kiel"]
[Date "2016.07.30"]
[Round "1.2"]
[White "Hartendauer, Frank"]
[Black "Prasobhu, Pramod Kumar"]
[Result "1-0"]
[WhiteElo "1703"]
[BlackElo "1461"]
[PlyCount "113"]

1. d4 Nf6 2. c4 g6 3. Nc3 d6 4. e4 Bg7 5. Nf3 O-O 6. Be3 Nbd7 7. Be2 e5
8. dxe5 Nxe5 9. Nxe5 dxe5 10. O-O Bd7 11. f3 c6 12. Qd2 Qe7 13. Rad1 Be6 14.
Qc1 Nd7 15. Kh1 f5 16. Bh6 f4 17. Bxg7 Kxg7 18. Qd2 Rfe8 19. Qe1 Qg5 20. Rg1
Nf6 21. g3 Nh5 22. g4 Nf6 23. h4 Qh6 24. g5 Qh5 25. gxf6+ Kxf6 26. Qf2 h6 27.
Qh2 Rh8 28. Rg2 g5 29. hxg5+ hxg5 30. Qxh5 Rxh5+ 31. Rh2 Rah8 32. Rxh5 Rxh5+
33. Kg1 Rh3 34. Kg2 Rg3+ 35. Kf2 g4 36. fxg4 Bxg4 37. Bxg4 Rxg4 38. Rg1 Kg5 39.
Rxg4+ Kxg4 40. b4 a6 41. a4 f3 42. b5 Kf4 43. bxc6 bxc6 44. a5 c5 45. Na4 Kxe4
46. Nxc5+ Kd4 47. Nxa6 Kxc4 48. Nb4 Kb5 49. a6 Kb6 50. Kxf3 Ka7 51. Ke4 Ka8 52.
Kxe5 Ka7 53. Kd6 Kb6 54. Kd7 Ka7 55. Kc7 Ka8 56. Kb6 Kb8 57. Nd5 1-0

[Event "Kieler Open 2016-B"]
[Site "Kiel"]
[Date "2016.07.30"]
[Round "1.3"]
[White "Koch, Ralf-Johannes"]
[Black "Dao, Jörg"]
[Result "1-0"]
[WhiteElo "1699"]
[BlackElo "1460"]
[PlyCount "113"]

1. e4 e5 2. Nc3 c6 3. g3 Bd6 4. Bg2 Bc7 5. Nge2 d6 6. d3 Be6 7. f4 b5 8. f5 Bc8
9. g4 h6 10. Be3 b4 11. Nb1 Qh4+ 12. Ng3 c5 13. Bf2 Nf6 14. h3 Qg5 15. Nd2 h5
16. Nf3 Qf4 17. Ne2 Qh6 18. g5 Qh7 19. gxf6 gxf6 20. Qd2 Bb7 21. O-O-O Nc6 22.
Kb1 Ke7 23. c3 a5 24. d4 exd4 25. cxd4 c4 26. Nf4 Nd8 27. Rhe1 Kf8 28. Bh4 Qg7
29. Qe2 d5 30. Nxd5 Bg3 31. Bxf6 Qh6 32. Bg5 Qc6 33. Be7+ Ke8 34. Ne5 Bxe5 35.
dxe5 c3 36. Bd6 Ne6 37. Nf6+ Kd8 38. Bxb4+ Kc8 39. Bxc3 Nf4 40. Qf3 Nxg2 41.
Qxg2 Rd8 42. Rxd8+ Kxd8 43. Rd1+ Kc7 44. Rd7+ Kb8 45. Bd4 Qc4 46. Qc2 Qf1+ 47.
Qc1 Qd3+ 48. Ka1 Bc6 49. Ba7+ Rxa7 50. Rxd3 Rc7 51. Rb3+ Ka8 52. Rc3 Kb7 53.
Ne8 Re7 54. Nd6+ Ka8 55. Rxc6 Rxe5 56. Ra6+ Kb8 57. Qc8# 1-0

[Event "Kieler Open 2016-B"]
[Site "Kiel"]
[Date "2016.07.30"]
[Round "1.4"]
[White "Schwerdt, Alwin Elias"]
[Black "Plichta, Hans-Reiner"]
[Result "1/2-1/2"]
[WhiteElo "1448"]
[BlackElo "1688"]
[PlyCount "117"]

1. e4 c5 2. Nf3 d6 3. d4 cxd4 4. Nxd4 Nf6 5. Nc3 a6 6. a4 Nc6 7. Nxc6
bxc6 8. Bc4 e6 9. O-O Be7 10. Bd3 e5 11. b3 O-O 12. Ba3 d5 13. Bxe7 Qxe7 14.
exd5 cxd5 15. Qf3 e4 16. Nxd5 Nxd5 17. Bxe4 Nc7 18. Bxa8 Nxa8 19. Qxa8 Bb7 20.
Qa7 Qe4 21. f3 Qc6 22. Qf2 Rc8 23. Rac1 Qc3 24. Rfd1 h5 25. h3 Qc6 26. Qh4 Qg6
27. Rd8+ Kh7 28. Rxc8 Bxc8 29. Kh2 Qd6+ 30. Qg3 Qd2 31. Qe1 Qd6+ 32. Kh1 Bf5
33. Rd1 Qf4 34. Qf2 g5 35. g3 Qc7 36. h4 gxh4 37. gxh4 Qf4 38. Rd4 Qc1+ 39. Kg2
Qb2 40. Qd2 Qa1 41. Rd6 Qg7+ 42. Qg5 Bg6 43. Rxa6 Qc3 44. Qc1 Qd4 45. Qe1 Bxc2
46. Qf2 Qg7+ 47. Qg3 Qb2 48. Qf2 Qg7+ 49. Kh1 Bxb3 50. Qg1 Qc3 51. Qf1 Bd5 52.
Kg2 Bc4 53. Qb1+ Bd3 54. Qb6 Qd2+ 55. Kg3 Qe1+ 56. Kf4 Qd2+ 57. Kg3 Qe1+ 58.
Kf4 Qd2+ 59. Kg3 {Dreifache Zugwiederholung} 1/2-1/2

[Event "Kieler Open 2016-B"]
[Site "Kiel"]
[Date "2016.07.30"]
[Round "1.5"]
[White "Jung, Ingo"]
[Black "Mock, Gabriel"]
[Result "1-0"]
[WhiteElo "1656"]
[BlackElo "1444"]
[PlyCount "111"]

1. e4 e5 2. Nf3 Nf6 3. Nxe5 d6 4. Nf3 Nxe4 5. d3 Nf6 6. d4 d5 7. Bd3 Nc6 8. c3
Bd6 9. O-O Be6 10. Re1 O-O 11. Bg5 h6 12. Bh4 g5 13. Bg3 Bxg3 14. hxg3 Kg7 15.
Nbd2 Rh8 16. Qc2 Ne7 17. Nf1 Qd7 18. Ne5 Qc8 19. Ne3 h5 20. Nf3 h4 21. Nxg5 h3
22. Nxe6+ fxe6 23. gxh3 Rxh3 24. Kg2 Qh8 25. Rh1 Rh5 26. Rxh5 Nxh5 27. Be2 Qe8
28. Bxh5 Qxh5 29. Rh1 Qg6 30. Qxg6+ Nxg6 31. Ng4 Rh8 32. Rxh8 Kxh8 33. f4 Kg7
34. Ne5 Ne7 35. g4 b6 36. b4 a6 37. a4 Ng8 38. g5 Ne7 39. Kf3 Nf5 40. a5 Nd6
41. Ke3 bxa5 42. bxa5 Nb7 43. Nc6 Kf7 44. Kd3 Kg6 45. Nb4 Nxa5 46. Nxa6 c6 47.
Nc5 Kf5 48. Nd7 Nc4 49. Ne5 Nxe5+ 50. dxe5 Kg6 51. Kd4 Kf7 52. Kc5 Kf8 53. Kxc6
Ke7 54. Kc7 Ke8 55. Kd6 Kf7 56. Kd7 1-0

[Event "Kieler Open 2016-B"]
[Site "Kiel"]
[Date "2016.07.30"]
[Round "1.6"]
[White "Gerigk, Daniel"]
[Black "Aksüt, Önder"]
[Result "1-0"]
[WhiteElo "1444"]
[BlackElo "1653"]
[PlyCount "98"]

1. e4 e5 2. Nf3 d6 3. b3 Nf6 4. d3 Nc6 5. h3 Be7 6. Be2 Be6 7. c4 Qd7
8. Be3 a6 9. a4 Nb4 10. O-O c5 11. Nc3 Rd8 12. Nh2 h6 13. f4 exf4 14. Bxf4 g5
15. Be3 Nc6 16. Rf2 O-O 17. Qd2 Kg7 18. h4 g4 19. Bxh6+ Kh7 20. Bxf8 Rxf8 21.
g3 Nd4 22. Rb1 Nh5 23. Nf1 Qd8 24. b4 Bxh4 25. Rh2 cxb4 26. Rxb4 Qa5 27. Rxh4
Kg6 28. Rb1 Qxc3 29. Bxg4 Bxg4 30. Rxg4+ Kh7 31. Qxc3 Ne2+ 32. Kf2 Nxc3 33.
Rxb7 Nxa4 34. Ra7 Nc5 35. d4 Ne6 36. Ke3 Nf6 37. Rh4+ Kg7 38. Rxa6 Rb8 (38...
Rd8) 39. Rxd6 Rb3+ 40. Kd2 Ng5 41. Rxf6 Kxf6 42. Rf4+ Ke7 43. Ne3 Ne6 44. Nf5+
Kd7 45. Rg4 Rf3 46. Ke2 Rc3 47. c5 Ra3 48. e5 Ra4 49. Kf3 Kc6 1-0

[Event "Kieler Open 2016-B"]
[Site "Kiel"]
[Date "2016.07.30"]
[Round "1.7"]
[White "Madelmayer, Maik"]
[Black "Spreu, Jörg"]
[Result "1-0"]
[WhiteElo "1652"]
[BlackElo "1420"]
[PlyCount "97"]

1. d4 Nf6 2. c4 e5 3. dxe5 Ng4 4. Nf3 Bc5 5. e3 Bb4+ 6. Bd2 Bxd2+ 7. Nbxd2 Nc6
8. Bd3 Ngxe5 9. Bc2 d6 10. h3 Be6 11. b3 Nb4 12. O-O Nxf3+ 13. Nxf3 Nxc2 14.
Qxc2 O-O 15. Rad1 Qf6 16. Nd4 Bd7 17. Qe4 Qg6 18. Qxg6 hxg6 19. Ne2 Rfe8 20.
Nc3 Bc6 21. Nd5 Bxd5 22. Rxd5 Re6 23. Rfd1 Kf8 24. c5 dxc5 25. Rxc5 c6 26. Rc4
Rae8 27. Rh4 f6 28. Rhd4 Re4 29. Kf1 c5 30. Rxe4 Rxe4 31. Rd7 Re7 32. Rxe7 Kxe7
33. Ke2 Kd6 34. Kd3 b5 35. f4 f5 36. e4 fxe4+ 37. Kxe4 Ke6 38. g4 a5 39. f5+
gxf5+ 40. gxf5+ Kd6 41. h4 a4 42. h5 axb3 43. axb3 c4 44. bxc4 bxc4 45. f6 gxf6
46. h6 c3 47. Kd3 c2 48. Kxc2 Kd5 49. h7 1-0

[Event "Kieler Open 2016-B"]
[Site "Kiel"]
[Date "2016.07.30"]
[Round "1.8"]
[White "Bunke, Mike"]
[Black "Kathage, Holger"]
[Result "0-1"]
[WhiteElo "1405"]
[BlackElo "1651"]
[PlyCount "60"]

1. c4 Nf6 2. g3 d5 3. cxd5 Nxd5 4. Bg2 Nb6 5. Nc3 e5 6. Nf3 Nc6 7. O-O Be7 8.
b3 O-O 9. Bb2 f5 10. e3 e4 11. Ne1 Nb4 12. a3 Nd3 13. Nxd3 Qxd3 14. Ne2 Rd8 15.
Bc1 Bf6 16. Ra2 Be6 17. Nf4 Qxb3 18. Nxe6 Qxa2 19. Nxd8 Rxd8 20. d4 c5 21. f3
cxd4 22. fxe4 dxe3 23. Qf3 fxe4 24. Qxe4 e2 25. Re1 Qc4 26. Qxb7 Qc5+ 27. Kh1
Qxc1 28. Bd5+ Rxd5 29. Qxd5+ Nxd5 30. Rxc1 Bc3 0-1

[Event "Kieler Open 2016-B"]
[Site "Kiel"]
[Date "2016.07.30"]
[Round "1.9"]
[White "Eberhardt, Michael"]
[Black "Beyer, Mirko"]
[Result "1/2-1/2"]
[WhiteElo "1648"]
[BlackElo "1397"]
[PlyCount "83"]

1. d4 c6 2. Nf3 d5 3. Bf4 Bg4 4. Nbd2 e6 5. e3 Bd6 6. Bg5 f6 7. Bh4 Nd7 8. Be2
Ne7 9. O-O Nf5 10. h3 Bxf3 11. Nxf3 g5 12. Bg3 Bxg3 13. fxg3 Nxe3 (13... Nxg3)
14. Qd2 Nxf1 15. Rxf1 Qc7 16. Qe1 O-O-O 17. c4 h5 18. Nd2 Rde8 19. Nb3 f5 20.
Qc3 dxc4 21. Bxc4 Nb6 22. Be2 Nd5 23. Qd2 Qxg3 24. Rf3 Qh4 25. Nc5 g4 26. Ra3
a6 27. Qa5 Qd8 28. Bxa6 bxa6 29. Qxa6+ Kc7 30. Qb7+ Kd6 31. Ra7 Re7 32. Ra6 Qc8
33. Qb3 Rhh7 34. Qg3+ f4 35. Ne4+ Kd7 36. Qa3 Rh6 37. Nc5+ Ke8 38. Ra8 Qxa8 39.
Qxa8+ Kf7 40. Qxc6 gxh3 41. Nxe6 Rhxe6 (41... Rexe6 42. Qxd5 Rhg6 43. Qf5+ Kg7
44. Qxh3 Re1+ 45. Kf2 Re4) 42. Qxd5 1/2-1/2

[Event "Kieler Open 2016-B"]
[Site "Kiel"]
[Date "2016.07.30"]
[Round "1.10"]
[White "Pillath, Marcus"]
[Black "Mardini, Mohamed"]
[Result "0-1"]
[WhiteElo "1385"]
[BlackElo "1638"]
[PlyCount "50"]

1. Nf3 d5 2. d4 Nc6 3. Bf4 Bg4 4. Nbd2 Nf6 5. e3 e6 6. h3 Bh5 7. Be2 Bd6 8.
Bxd6 Qxd6 9. c3 h6 10. O-O g5 11. Nh2 Bg6 12. Qb3 Rb8 13. -- h5 14. c4 Bf5 15.
c5 Qd7 16. Bb5 Ke7 17. f4 g4 18. hxg4 hxg4 19. Bd3 Rh4 20. Bxf5 exf5 21. g3 Rh3
22. Kg2 Nh5 23. Rf2 Rxg3+ 24. Kf1 Rh3 25. Kg1 (25. Kg2 Rxh2+ 26. Kxh2 g3+ 27.
Kg2 gxf2 28. Kxf2 Nf6 29. Rg1 Ne4+ 30. Nxe4 fxe4 31. Qd1 Rh8 32. Rg2 Qh3 33.
Qg4 Qxg4 34. Rxg4 Rh2+ 35. Kg1 Rxb2 36. f5 Re2 37. Rg3 Kf6 38. a4 Kxf5 39. Rg7
Kf6 40. Rg8 Rxe3 41. Rc8 Rb3 42. Rxc7 Nxd4 43. a5 e3 44. Kf1 e2+ 45. Ke1 Rb1+)
25... Rxh2 0-1

[Event "Kieler Open 2016-B"]
[Site "Kiel"]
[Date "2016.07.30"]
[Round "1.11"]
[White "Bahr, Arne"]
[Black "Hoppe, Marc"]
[Result "1/2-1/2"]
[WhiteElo "1610"]
[BlackElo "1381"]
[PlyCount "57"]

1. f4 d5 2. b3 Bf5 3. e3 e6 4. Nf3 Nf6 5. Bb2 c5 6. Bb5+ Nbd7 7. O-O a6 8.
Bxd7+ Qxd7 9. Ne5 Qc7 10. d3 Rd8 11. Qe2 Bd6 12. Nd2 O-O 13. g4 Bg6 14. Nxg6
hxg6 15. g5 Nh5 16. Qg4 e5 17. f5 e4 18. Rf2 exd3 19. cxd3 Rde8 20. Nf1 Be5 21.
d4 cxd4 22. Bxd4 Bxd4 23. Qxd4 Qe5 24. fxg6 Qxg5+ 25. Rg2 Qe5 26. gxf7+ Rxf7
27. Rd1 Nf6 28. Qxe5 Rxe5 29. Rd4 1/2-1/2

[Event "Kieler Open 2016-B"]
[Site "Kiel"]
[Date "2016.07.30"]
[Round "1.12"]
[White "Müller, Richard"]
[Black "Zechel, Rolf-Rüdiger"]
[Result "1/2-1/2"]
[WhiteElo "1379"]
[BlackElo "1588"]
[PlyCount "90"]

1. e4 c5 2. Nf3 Nc6 3. d4 cxd4 4. Nxd4 d6 5. Nc3 g6 6. Bc4 Bg7 7. Be3 Nf6 8.
O-O O-O 9. f4 Ng4 10. Nxc6 bxc6 11. Bd4 Bxd4+ 12. Qxd4 Qb6 13. Qxb6 axb6 14.
Bd3 Bd7 15. h3 Nf6 16. e5 dxe5 17. fxe5 Nd5 18. Nxd5 cxd5 19. Rfd1 e6 20. Be2
b5 21. b3 Bc6 22. Bf3 Rfc8 23. Rd3 Ra3 24. Rc3 Bd7 25. Rxc8+ Bxc8 26. Kf2 b4
27. Ke3 Kf8 28. Kd4 Ra5 29. c3 bxc3 30. Kxc3 Ke7 31. b4 Ra7 32. a4 Bd7 33. a5
Bb5 34. Kd4 Kd7 35. Kc5 Bc4 36. b5 Rc7+ 37. Kb6 Rc8 38. a6 Rb8+ 39. Kc5 Rxb5+
40. Kd4 Rb8 41. a7 Ra8 42. Kc5 Kc7 43. Ra4 Bb3 44. Ra3 Bc4 45. Ra4 Bb3 1/2-1/2

[Event "Kieler Open 2016-B"]
[Site "Kiel"]
[Date "2016.07.30"]
[Round "1.13"]
[White "Malina, Marcus"]
[Black "Keir, Robin"]
[Result "1-0"]
[WhiteElo "1565"]
[BlackElo "1361"]
[PlyCount "85"]

1. e4 c5 2. Nc3 Nc6 3. Nf3 Nf6 4. h3 d6 5. Bc4 e6 6. O-O Be7 7. d3 O-O 8. Re1
d5 9. exd5 exd5 10. Bb3 Re8 11. Bf4 a6 12. a4 h6 13. Qd2 Be6 14. Ne5 Nd4 15.
Ba2 Rc8 16. Ne2 Nxe2+ 17. Rxe2 Qb6 18. c3 c4 19. Rae1 cxd3 20. Qxd3 Bc5 21. Be3
Bxe3 22. fxe3 Ne4 23. Qd4 Qxd4 24. exd4 Nd6 25. Nd3 Nc4 26. Nc5 Rc6 27. Bxc4
dxc4 28. Nxb7 Rb8 29. Nc5 Bf5 30. Re8+ Rxe8 31. Rxe8+ Kh7 32. a5 f6 33. Rb8 Bc8
34. Rb6 Rc7 35. Rb4 Re7 36. Rxc4 Be6 37. Nxe6 Rxe6 38. Rb4 Re1+ 39. Kf2 Ra1 40.
c4 Rxa5 41. c5 Ra1 42. Rc4 Ra2 43. Rc2 1-0

[Event "Kieler Open 2016-B"]
[Site "Kiel"]
[Date "2016.07.30"]
[Round "1.14"]
[White "Hogreve, Holger"]
[Black "Teichmann, Axel"]
[Result "1-0"]
[WhiteElo "1323"]
[BlackElo "1553"]
[PlyCount "125"]

1. Nf3 Nf6 2. d4 d5 3. c4 Nc6 4. Bf4 e6 5. Nbd2 Bd6 6. Bxd6 cxd6 7. e3 Qa5 8.
a3 dxc4 9. Bxc4 Qh5 10. Bd3 e5 11. dxe5 Nxe5 12. Nxe5 Qxe5 13. b4 Be6 14. Nf3
Qc3+ 15. Ke2 O-O 16. Qd2 Rac8 17. Rac1 Qxd2+ 18. Kxd2 Bd5 19. Rxc8 Rxc8 20. Rc1
Rxc1 21. Kxc1 h6 22. h3 g5 23. Bf1 Ne4 24. Nd4 Be6 25. f3 Ng3 26. Bd3 a6 27.
Kd2 Bd7 28. Ke1 h5 29. Kf2 h4 30. Ne2 Nh5 31. Nc3 Bc6 32. b5 axb5 33. Bxb5 Bxb5
34. Nxb5 d5 35. a4 Kf8 36. Nd6 b6 37. Nc8 Nf6 38. Nxb6 Ke7 39. a5 Kd6 40. Ke2
Kc6 41. Nc8 Kb5 42. Nd6+ Kxa5 43. Nxf7 Nh7 44. Kd3 Kb5 45. Kd4 Kc6 46. Ke5 Kc5
47. Nd6 Nf8 48. Nf7 Nd7+ 49. Kf5 d4 50. exd4+ Kxd4 51. Kxg5 Ke3 52. Kxh4 Kf2
53. g4 Kxf3 54. Kg5 Kg3 55. h4 Nf8 56. h5 Nh7+ 57. Kf5 Kh4 58. Ne5 Ng5 59. Kg6
Nh3 60. h6 Nf4+ 61. Kg7 Ne6+ 62. Kg8 Kg5 63. h7 1-0

[Event "Kieler Open 2016-B"]
[Site "Kiel"]
[Date "2016.07.30"]
[Round "1.15"]
[White "Sowa, Kay"]
[Black "Dambrowski, Ralf"]
[Result "1-0"]
[WhiteElo "1543"]
[BlackElo "1322"]
[PlyCount "67"]

1. d4 d5 2. Bf4 Nf6 3. e3 e6 4. Nf3 Be7 5. Bd3 O-O 6. Nbd2 c5 7. c3 Nc6 8. Ne5
cxd4 9. exd4 Nxe5 10. dxe5 Nd7 11. Qh5 g6 12. Qh6 Re8 13. Nf3 Bf8 14. Qh3 Nc5
15. Bc2 f6 16. exf6 e5 17. f7+ Kxf7 18. Qxh7+ Bg7 19. Bxg6+ Kf8 20. Bxe8 exf4
21. Bb5 Qe7+ 22. Kd1 Bg4 23. h3 Bxf3+ 24. gxf3 a6 25. Qf5+ Kg8 26. Re1 Qd6 27.
Re8+ Rxe8 28. Bxe8 d4 29. Kc2 Qe7 30. Bf7+ Qxf7 31. Qxc5 dxc3 32. bxc3 Qg6+ 33.
Kb3 Qe6+ 34. Qc4 1-0

[Event "Kieler Open 2016-B"]
[Site "Kiel"]
[Date "2016.07.30"]
[Round "1.16"]
[White "Korte, Andreas"]
[Black "Salwasser, Christian"]
[Result "1/2-1/2"]
[WhiteElo "1305"]
[BlackElo "1534"]
[PlyCount "64"]

1. c4 e5 2. g3 Nf6 3. Bg2 Bc5 4. Nc3 c6 5. e3 d5 6. d4 exd4 7. exd4
Bb4 8. cxd5 Nxd5 9. Bd2 Qe7+ 10. Qe2 Be6 11. Nf3 O-O 12. O-O Qd7 13. Ne5 Qd6
14. Ne4 Qe7 15. f4 Bxd2 16. Qxd2 f6 17. Nd3 Bf5 18. Rae1 Qc7 19. Qd1 Qb6 20.
Nec5 Qb5 21. Bxd5+ cxd5 22. Qf3 Qc4 23. g4 Qxd4+ 24. Rf2 Bxd3 25. Nxd3 Nc6 26.
Rd1 Rae8 27. Nc1 Qe4 28. Rxd5 Qxf3 29. Rxf3 Re1+ 30. Rf1 Rxf1+ 31. Kxf1 Rc8 32.
Ne2 Rc7 1/2-1/2

[Event "Kieler Open 2016-B"]
[Site "Kiel"]
[Date "2016.07.30"]
[Round "1.17"]
[White "Schumacher, Horst"]
[Black "Günther, Emil"]
[Result "1/2-1/2"]
[WhiteElo "1530"]
[BlackElo "1282"]
[PlyCount "31"]

1. e4 e5 2. Nf3 Nc6 3. Bc4 Nf6 4. Nc3 Nxe4 5. O-O Nxc3 6. dxc3 d6 7. Ng5 Be6 8.
Nxe6 fxe6 9. Bxe6 Qe7 10. Qg4 h5 11. Qg6+ Kd8 12. Bg5 Rh6 13. Bxe7+ Nxe7 14.
Qf7 Rf6 15. Qxh5 Rxe6 16. Rfe1 1/2-1/2

[Event "Kieler Open 2016-B"]
[Site "Kiel"]
[Date "2016.07.30"]
[Round "1.18"]
[White "Howe, Dietrich"]
[Black "Zielke, Bernd"]
[Result "1-0"]
[WhiteElo "1268"]
[BlackElo "1517"]
[PlyCount "79"]

1. Nf3 f5 2. d3 Nf6 3. Nc3 d6 4. e4 Nc6 5. Be2 g6 6. O-O Bg7 7.
Bd2 O-O 8. Re1 e5 9. Bg5 Qe8 10. Qd2 f4 11. h3 h6 12. Bxf6 Bxf6 13. Nd5 Bg7 14.
Nxc7 Qd7 15. Nxa8 b6 16. b3 Qb7 17. Nxb6 Qxb6 18. Rad1 Kh7 19. d4 Rd8 20. d5
Ne7 21. Rc1 Bd7 22. c4 Rc8 23. b4 Rc7 24. -- Rb7 25. a3 g5 26. c5 dxc5 27. bxc5
Qb2 28. Rc2 Qxa3 29. c6 Bxc6 30. dxc6 Rc7 31. Qd8 Qa5 32. Rd1 Qb6 33. Qd6 Nxc6
34. Rdc1 Nd4 35. Qxb6 Nxe2+ 36. Kf1 Rxc2 37. Rxc2 axb6 38. Kxe2 Kg6 39. Rc6+
Bf6 (39... Kf7 40. Rxb6 Bf6 41. Kd3 h5 42. g3 g4 43. Nh4 gxh3 44. Nf5 h2 45.
Rb1 fxg3 46. fxg3) 40. Rxb6 1-0

[Event "Kieler Open 2016-B"]
[Site "Kiel"]
[Date "2016.07.30"]
[Round "1.19"]
[White "Behrendt, Matthias"]
[Black "Engel, Peter"]
[Result "1-0"]
[WhiteElo "1515"]
[BlackElo "1229"]
[PlyCount "48"]

1. Nf3 Nf6 2. g3 g6 3. Bg2 Bg7 4. c4 O-O 5. Nc3 c6 6. O-O d5 7. b3 Re8 8. Bb2
Bf5 9. d3 e5 10. cxd5 cxd5 11. Rc1 Nc6 12. Nxd5 e4 13. Nxf6+ Bxf6 14. Bxf6 Qxf6
15. Nh4 exd3 16. exd3 Rad8 17. Nxf5 Qxf5 18. Be4 Qb5 19. a4 Qa6 20. Bxc6 bxc6
21. d4 Re6 22. Re1 Rxe1+ 23. Qxe1 Rxd4 24. Qe8+ Kg7 1-0

[Event "Kieler Open 2016-B"]
[Site "Kiel"]
[Date "2016.07.30"]
[Round "1.20"]
[White "Rulfs, Ernst-August"]
[Black "Turp, Hüseyin"]
[Result "1-0"]
[WhiteElo "1212"]
[BlackElo "1501"]
[PlyCount "93"]

1. c4 c6 2. e4 Nf6 3. Nc3 h6 4. d4 d5 5. cxd5 cxd5 6. exd5 Nxd5 7. Bc4 Nb6 8.
Bb3 Nc6 9. Qf3 e6 10. d5 Nd4 11. Qf4 Nxb3 12. axb3 Nxd5 13. Qe4 Nf6 14. Qe2 Bd7
15. Nf3 Be7 16. O-O O-O 17. Be3 a6 18. Rfd1 Qb8 19. Bd4 Bc6 20. Ne5 Be8 21. Rd3
Nh7 22. Rg3 Bf6 23. f4 Qd8 24. Rd1 Qe7 25. Ne4 Rd8 26. Bc5 Rxd1+ 27. Qxd1 Qd8
28. Qxd8 Bxd8 29. Bxf8 Kxf8 30. Nd6 Bb6+ 31. Kh1 g6 32. Rc3 Ke7 33. Nc8+ Kf6
34. Nxb6 Kf5 35. g3 f6 36. Nf3 Kg4 37. Kg2 -- 38. h3+ Kf5 39. Kf2 Ke4 40. Nd2+
Kd4 41. Nf3+ Ke4 42. Ke2 Bb5+ 43. Nc4 e5 44. fxe5 fxe5 45. Nfxe5 g5 46. Rd3
Bxc4 {Notation nicht mehr lesbar!} 47. bxc4 1-0

[Event "Kieler Open 2016-B"]
[Site "Kiel"]
[Date "2016.07.30"]
[Round "1.23"]
[White "Farokhi, Keyvan"]
[Black "Schildt, Thomas"]
[Result "1-0"]
[WhiteElo "1485"]
[BlackElo "1460"]
[PlyCount "21"]

1. e4 e5 2. Nf3 Qf6 3. Nc3 Bc5 4. Bc4 Nc6 5. Nd5 Qd6 6. O-O Nf6 7.
Nxf6+ gxf6 8. c3 O-O 9. Nh4 Na5 10. Nf5 Qb6 11. Qg4+ 1-0

[Event "Kieler Open 2016-B"]
[Site "Kiel"]
[Date "2016.07.30"]
[Round "2.1"]
[White "Besey, Matthew"]
[Black "Neumann, Oskar"]
[Result "1-0"]
[WhiteElo "1500"]
[BlackElo "1730"]
[Annotator "Behrendt"]
[PlyCount "53"]

1. d4 d5 2. c4 dxc4 3. Nf3 Nf6 4. Nc3 e6 5. e4 a6 6. e5 Nd5 7.
Bxc4 Be7 8. O-O O-O 9. Bd3 b5 10. Qc2 h6 11. Qe2 Nxc3 12. bxc3 Bb7 13. Be3 Nd7
14. Nd2 c5 15. Rfd1 c4 16. Bc2 Qa5 17. Qg4 Kh8 18. Qh5 f5 19. Bxh6 gxh6 20.
Qxh6+ Kg8 21. Qg6+ Kh8 22. Re1 Qd8 23. Re3 Bh4 24. Rh3 Bxg2 25. Qh6+ Kg8 26.
Rxh4 Nf6 27. Qg6# 1-0

[Event "Kieler Open 2016-B"]
[Site "Kiel"]
[Date "2016.07.30"]
[Round "2.2"]
[White "Oltmanns, Marc"]
[Black "Koch, Ralf-Johannes"]
[Result "1-0"]
[WhiteElo "1496"]
[BlackElo "1699"]
[PlyCount "109"]

1. Nf3 Nf6 2. c4 c5 3. g3 b6 4. Bg2 Bb7 5. O-O g6 6. b3 Bg7 7. Bb2 O-O
8. d4 cxd4 9. Bxd4 d6 10. Nc3 Nc6 11. Be3 Ng4 12. Qd2 Nxe3 13. Qxe3 Nb4 14. Qd2
Na6 15. Rad1 Nc5 16. Nd4 Bxg2 17. Kxg2 Qc8 18. f3 Qb7 19. e4 Rad8 20. Nde2 f5
21. Qd5+ Qxd5 22. exd5 Be5 23. Nb5 Rd7 24. Nbd4 Bxd4 25. Nxd4 Rf6 26. Rfe1 Kf7
27. f4 Ke8 28. Re3 Rf7 29. Ne6 Rb7 30. Ng5 Rg7 31. Rde1 h6 32. Ne6 Nxe6 33.
Rxe6 Kd7 34. Kf3 Rc7 35. h4 h5 36. a4 a6 37. Ke3 b5 38. axb5 axb5 39. Kd4 Rc5
40. Rc1 Kc7 41. b4 Rxc4+ 42. Rxc4+ bxc4 43. Kxc4 Kb6 44. Re3 Rg8 45. Rxe7 Rc8+
46. Kd4 Rc1 47. Re6 Rd1+ 48. Kc4 Rc1+ 49. Kb3 Rd1 50. Rxd6+ Kc7 51. Rxg6 Rxd5
52. Kc4 Rd1 53. Rg5 Rg1 54. Rxh5 Rxg3 55. Rxf5 1-0

[Event "Kieler Open 2016-B"]
[Site "Kiel"]
[Date "2016.07.30"]
[Round "2.3"]
[White "Farokhi, Keyvan"]
[Black "Jung, Ingo"]
[Result "0-1"]
[WhiteElo "1485"]
[BlackElo "1656"]
[PlyCount "96"]

1. e4 d5 2. exd5 Qxd5 3. Nc3 Qa5 4. d4 c6 5. Bd3 Nf6 6. h3 e6 7. Nf3 Bd6 8. O-O
Nbd7 9. Bd2 Qc7 10. Ne4 Nxe4 11. Bxe4 Nf6 12. Bd3 Bf4 13. Bxf4 Qxf4 14. Qd2
Qxd2 15. Nxd2 O-O 16. c3 b6 17. Ne4 Nxe4 18. Bxe4 Bb7 19. Rfe1 Rab8 20. a4 Rfc8
21. a5 c5 22. axb6 axb6 23. Bxb7 Rxb7 24. dxc5 bxc5 25. Ra2 Kf8 26. Kf1 Rcb8
27. Rb1 Rb3 28. Ra5 Rxb2 29. Rxb2 Rxb2 30. Rxc5 Ke7 31. Rc7+ Kf6 32. c4 Rc2 33.
c5 h5 34. c6 g6 35. Rc8 h4 36. c7 g5 37. Ke1 Ke5 38. Rg8 Rxc7 39. Rxg5+ Kf6 40.
Rg4 Rc1+ 41. Kd2 Rc5 42. Rxh4 Re5 43. Rf4+ Kg6 44. Kd3 Ra5 45. Ke4 f5+ 46. Kd4
e5+ 47. Ke3 Ra3+ 48. Ke2 exf4 0-1

[Event "Kieler Open 2016-B"]
[Site "Kiel"]
[Date "2016.07.30"]
[Round "2.4"]
[White "Hartendauer, Frank"]
[Black "Madelmayer, Maik"]
[Result "1/2-1/2"]
[WhiteElo "1461"]
[BlackElo "1652"]
[PlyCount "83"]

1. d4 d5 2. c4 Nf6 3. Nc3 e6 4. Nf3 Bb4 5. Bd2 O-O 6. e3 c5 7. a3 cxd4 8. Nxd4
Bxc3 9. Bxc3 Nc6 10. Rc1 Nxd4 11. Bxd4 b6 12. Be2 dxc4 13. Bf3 Nd5 14. Rxc4 Ba6
15. Rc1 Rc8 16. Rxc8 Qxc8 17. Be2 Bxe2 18. Qxe2 Re8 19. Qd2 Qa6 20. Qe2 Qa5+
21. Qd2 Qa6 22. Qe2 Qc8 23. Qd2 e5 24. Bc3 Nxc3 25. Qxc3 Qa6 26. Qd2 Rc8 27. f3
Qc4 28. Kf2 e4 29. Rd1 g6 30. Kg3 Qc7+ 31. Qd6 Qxd6+ 32. Rxd6 Rc2 33. Rd7 a5
34. b4 axb4 35. axb4 Rc4 36. Rd4 Rxd4 37. exd4 exf3 38. Kxf3 Kf8 39. Ke4 Ke7
40. Kd5 Kd7 41. Ke5 f5 42. g3 1/2-1/2

[Event "Kieler Open 2016-B"]
[Site "Kiel"]
[Date "2016.07.30"]
[Round "2.5"]
[White "Kathage, Holger"]
[Black "Gerigk, Daniel"]
[Result "0-1"]
[WhiteElo "1651"]
[BlackElo "1444"]
[PlyCount "72"]

1. d4 d5 2. Nf3 Bf5 3. e3 a6 4. c4 b5 5. cxb5 Bxb1 6. Rxb1 axb5 7.
Bxb5+ c6 8. Ba4 Qa5+ 9. Bd2 Qxa4 10. O-O Qxd1 11. Rfxd1 Rxa2 12. Rdc1 f6 13. b4
Kd7 14. b5 Ra7 15. b6 Rb7 16. Ba5 e6 17. Nd2 Nh6 18. Nb3 Na6 19. Rc2 Nf5 20.
Ra2 Bd6 21. Rc1 Rhb8 22. Nc5+ Nxc5 23. dxc5 Be7 24. Bb4 Bd8 25. Kf1 Ne7 26. Ke2
Ng6 27. Bc3 e5 28. f3 Ke6 29. g3 h5 30. Rca1 Ne7 31. h3 g5 32. f4 Nf5 33. fxe5
fxe5 34. Kf3 Rf7 35. g4 Nd4+ 36. Kg2 Nb3 0-1

[Event "Kieler Open 2016-B"]
[Site "Kiel"]
[Date "2016.07.30"]
[Round "2.6"]
[White "Mardini, Mohamed"]
[Black "Hogreve, Holger"]
[Result "1-0"]
[WhiteElo "1638"]
[BlackElo "1323"]
[PlyCount "105"]

1. e4 d5 2. Nf3 dxe4 3. Ng5 Nf6 4. d3 h6 5. Nxe4 Nxe4 6. dxe4 Qxd1+ 7.
Kxd1 Bg4+ 8. f3 Bh5 9. Bf4 c6 10. Nc3 Nd7 11. Bc4 e6 12. a3 Rd8 13. Ke2 Nb6 14.
Bb3 Bc5 15. a4 O-O 16. a5 Nc8 17. Na4 Bd6 18. Bxd6 Nxd6 19. g4 Bg6 20. c4 Rd7
21. Rhd1 Rdd8 22. e5 Nc8 23. Nc5 b6 24. Nb7 Rxd1 25. Rxd1 c5 26. a6 Ne7 27. Ba4
Bh7 28. f4 Ng6 29. Ke3 Nh4 30. Rd7 Bb1 31. Nd6 Ng2+ 32. Kf3 Ne1+ 33. Kg3 Nd3
34. b3 Nb2 35. Rxa7 Nxa4 36. bxa4 Bc2 37. Rb7 Bxa4 38. Rxb6 Ra8 39. Ne4 Bc2 40.
Nxc5 Kh7 41. Kf2 Bd1 42. h3 Bc2 43. Rb7 Bg6 44. a7 h5 45. Ke3 hxg4 46. hxg4 Kh6
47. Nd7 f5 48. g5+ Kh7 49. Nb6 Rd8 50. a8=Q Rxa8 51. Nxa8 Be8 52. Re7 Bc6 53.
Nc7 1-0

[Event "Kieler Open 2016-B"]
[Site "Kiel"]
[Date "2016.07.30"]
[Round "2.7"]
[White "Howe, Dietrich"]
[Black "Malina, Marcus"]
[Result "0-1"]
[WhiteElo "1268"]
[BlackElo "1565"]
[PlyCount "68"]

1. e4 e5 2. Nf3 Nc6 3. Bc4 h6 4. d4 exd4 5. Nxd4 Ne5 6. Bb3 Nf6 7. O-O d6 8.
Nc3 a6 9. f4 Ng6 10. e5 dxe5 11. fxe5 Nxe5 12. Re1 Bd6 13. Bf4 Nfd7 14. Nf3 f6
15. Nxe5 Nxe5 16. Bxe5 fxe5 17. Qh5+ Kd7 18. Qf7+ Qe7 19. Rf1 Rf8 20. Qxe7+
Bxe7 21. Rxf8 Bxf8 22. Rf1 Bc5+ 23. Kh1 Kc6 24. Bd5+ Kb6 25. Na4+ Kb5 26. b3
Bd6 27. Rf7 Bg4 28. c4+ Kb4 29. Rxg7 Rf8 30. Kg1 Be2 31. h3 Rf1+ 32. Kh2 e4+
33. g3 Bf3 34. a3+ Kxa3 0-1